000 00672nam a2200217 a 4500
001 000033495
003 DO-SdBNP
005 20220922153833.0
007 ta
008 110830s1923 dr c 000 0 spa d
040 _aDO-SdBNP
_bspa
_cBNPHU
082 _a362.61
_bB574i
100 1 _aBáez, Ramon
_959022
245 1 0 _aInspección de los asilos y hospital Padre Billini por la auditoría nacional :
_bagosto 1920 - junio 1923
_cRamon Báez.
260 _aSanto Domingo :
_bImp. J. R. Vda. García,
_c1923.
300 _a165 p. ;
_bretrs.
_c27 cm.
590 _aInventariado, 2022/ YL
650 4 _aAsilos
_zInformes
_982421
910 _aYLockward
942 _2ddc
_cLBS1
999 _c32986
_d32986